<The> Monetary transmission from policy to lending rates in euroarea since the financial crisis
Guardado en:
| Autor principal: | |
|---|---|
| Formato: | Capítulo de libro |
| Lenguaje: | inglés |
| Materias: | |
| Etiquetas: |
Sin Etiquetas, Sea el primero en etiquetar este registro!
|
MARC
| LEADER | 00000nla a2200000 4500 | ||
|---|---|---|---|
| 001 | 0197306 | ||
| 005 | 20240507091853.3 | ||
| 041 | 0 | |a eng | |
| 044 | |a CZ | ||
| 245 | 1 | 0 | |a <The> Monetary transmission from policy to lending rates in euroarea since the financial crisis |c Barbora Stanová |
| 610 | 2 | 0 | |a sadzby úkolové |
| 610 | 2 | 0 | |a politika menová |
| 610 | 2 | 0 | |a pôžičky obyvateľstvu |
| 610 | 2 | 0 | |a úrok |
| 610 | 2 | 0 | |a kríza finančná |
| 610 | 2 | 0 | |a regresia |
| 610 | 2 | 0 | |a eurozóna |
| 100 | 1 | |a Stanová, Barbora, 1989- | |